| 000 | 00598nam a2200205Ia 4500 | ||
|---|---|---|---|
| 005 | 20250508162944.0 | ||
| 008 | 008 250505s9999 xx 000 0 hin d | ||
| 037 | _aTextBook | ||
| 040 |
_aFEDL _beng _cFEDL |
||
| 041 |
_ahin _2eng |
||
| 084 |
_a370.954, MIS _qFEDL |
||
| 100 |
_aMishre Jayanti Prasad _9774507 |
||
| 245 | 0 | _aBharat me vidyalaya shiksha : Rashtriya nitiyan evam pariprexya | |
| 260 |
_aDelhi, India _bShyam Prakshan _c1993 |
||
| 300 | _avi,244p | ||
| 365 |
_aINR _b125 |
||
| 650 | _aEducation - India | ||
| 942 |
_cTB _h370.954, MIS |
||
| 999 |
_c1379618 _d1379618 |
||